<?xml version="1.0" encoding="UTF-8"?><?xml-stylesheet type="text/xsl" href="static/style.xsl"?><OAI-PMH xmlns="http://www.openarchives.org/OAI/2.0/" xmlns:xsi="http://www.w3.org/2001/XMLSchema-instance" xsi:schemaLocation="http://www.openarchives.org/OAI/2.0/ http://www.openarchives.org/OAI/2.0/OAI-PMH.xsd"><responseDate>2026-04-14T04:37:53Z</responseDate><request verb="GetRecord" identifier="oai:www.recercat.cat:20.500.12694/7265" metadataPrefix="marc">https://recercat.cat/oai/request</request><GetRecord><record><header><identifier>oai:recercat.cat:20.500.12694/7265</identifier><datestamp>2025-12-18T12:09:01Z</datestamp><setSpec>com_2072_179042</setSpec><setSpec>col_2072_484474</setSpec></header><metadata><record xmlns="http://www.loc.gov/MARC21/slim" xmlns:dcterms="http://purl.org/dc/terms/" xmlns:xsi="http://www.w3.org/2001/XMLSchema-instance" xmlns:doc="http://www.lyncode.com/xoai" xsi:schemaLocation="http://www.loc.gov/MARC21/slim http://www.loc.gov/standards/marcxml/schema/MARC21slim.xsd">
   <leader>00925njm 22002777a 4500</leader>
   <datafield ind2=" " ind1=" " tag="042">
      <subfield code="a">dc</subfield>
   </datafield>
   <datafield ind2=" " ind1=" " tag="720">
      <subfield code="a">Buch Torrents, Eudald</subfield>
      <subfield code="e">author</subfield>
   </datafield>
   <datafield ind2=" " ind1=" " tag="260">
      <subfield code="c">2019-06</subfield>
   </datafield>
   <datafield ind2=" " ind1=" " tag="520">
      <subfield code="a">L’objectiu d’aquest treball és definir l’estil del compositor Aleksandr Skriabin (1871-1915) a partir d’una anàlisi comparativa, discernint els trets diferencials que fan tan reconeixible la seva música. Alhora, es relacionen aquestes característiques estilístiques amb diversos conceptes i idees de la filosofia del compositor. La primera part consisteix en un estudi del context cultural en què va emergir la figura d'Skriabin, així com del seu pensament i doctrina artística, mentre que la segona part analitza les seves obres segons diversos paràmetres, com l’harmonia, la textura, el ritme o la forma.</subfield>
   </datafield>
   <datafield ind2=" " ind1=" " tag="520">
      <subfield code="a">El objetivo de este trabajo es definir el estilo del compositor Aleksandr Skriabin (1871-1915) a partir de un análisis comparativo, discerniendo las particularidades que hacen su música tan reconocible. Al mismo tiempo, se relacionan estas características estilísticas con diversos conceptos e ideas de la filosofía del compositor. La primera parte consiste en un estudio del contexto cultural en el que emergió la figura de Skriabin, así como de su pensamiento y doctrina artística, mientras que la segunda parte analiza sus obras según diversos parámetros, como la armonía, la textura, el ritmo y la forma.</subfield>
   </datafield>
   <datafield ind2=" " ind1=" " tag="520">
      <subfield code="a">The aim of this paper is to define the style of the composer Alexander Scriabin (1871–1915) through a comparative analysis, highlighting the distinctive features that make his music so recognizable. At the same time, these stylistic characteristics are related to various concepts and ideas from the composer’s philosophy. The first part presents a study of the cultural context in which Scriabin emerged, along with his thought and artistic doctrine, while the second part analyzes his works according to different parameters, such as harmony, texture, rhythm, and form.</subfield>
   </datafield>
   <datafield ind1="8" ind2=" " tag="024">
      <subfield code="a">http://hdl.handle.net/20.500.12694/7265</subfield>
   </datafield>
   <datafield tag="653" ind2=" " ind1=" ">
      <subfield code="a">TFG Música clàssica i contemporània</subfield>
   </datafield>
   <datafield tag="653" ind2=" " ind1=" ">
      <subfield code="a">Skr'abin, Aleksandr Nikolajevic--Crítica i interpretació</subfield>
   </datafield>
   <datafield tag="653" ind2=" " ind1=" ">
      <subfield code="a">Música--Filosofia i estètica--S. XX</subfield>
   </datafield>
   <datafield tag="653" ind2=" " ind1=" ">
      <subfield code="a">Música--Rússia--S. XX</subfield>
   </datafield>
   <datafield ind2="0" ind1="0" tag="245">
      <subfield code="a">L'acord místic: una aproximació estilística al llenguatge d'Skriabin</subfield>
   </datafield>
</record></metadata></record></GetRecord></OAI-PMH>